|
|
|
|
| LEADER |
01447cam a22003491a 4500 |
| 001 |
c000215973 |
| 003 |
CARM |
| 005 |
20060721121704.0 |
| 008 |
840210s1964 nyuac b 100 0 eng |
| 010 |
|
|
|a 64017798
|
| 019 |
1 |
|
|a 3086720
|z 42749314
|z 45201233
|5 LACONCORD2021
|
| 035 |
|
|
|a (OCoLC)500770
|5 LACONCORD2021
|
| 040 |
|
|
|a LC
|b eng
|c LC
|d NUN
|
| 050 |
0 |
0 |
|a TK7872.L3
|b V35
|
| 082 |
0 |
0 |
|a 621.381
|
| 111 |
2 |
|
|a International School of Physics "Enrico Fermi"
|d (1963 :
|c Varenna, Italy)
|
| 245 |
1 |
0 |
|a Quantum electronics and coherent light /
|c edited by P.A. Miles.
|
| 260 |
|
|
|a New York :
|b Academic Press,
|c 1964.
|
| 300 |
|
|
|a viii, 371 p. :
|b ill., group port. ;
|c 25 cm.
|
| 490 |
1 |
|
|a Its Proceedings ;
|v course 31
|
| 500 |
|
|
|a At head of title: Italian Physical Society.
|
| 500 |
|
|
|a Added t.p. in Italian.
|
| 500 |
|
|
|a Course held August 19-31, 1963.
|
| 504 |
|
|
|a Includes bibliographies.
|
| 650 |
|
0 |
|a Lasers.
|
| 650 |
|
0 |
|a Quantum electronics.
|
| 700 |
1 |
|
|a Miles, P. A.
|q (Perry Ambrose),
|d 1929-,
|e ed.
|
| 710 |
2 |
|
|a Società italiana di fisica.
|
| 811 |
2 |
|
|a International School of Physics "Enrico Fermi.".
|t Proceedings of the International School of Physics "Enrico Fermi" ;
|v course 31.
|
| 852 |
8 |
|
|b CARM
|h A2:AL29G0
|i C08190
|p 0269060
|f BK
|
| 999 |
f |
f |
|i f9da442e-d9e4-5b48-9077-a9dbdad8eb21
|s 91b5cb1a-2b67-59be-8631-591140178471
|
| 952 |
f |
f |
|p Can circulate
|a CAVAL
|b CAVAL
|c CAVAL
|d CARM 1 Store
|e C08190
|f A2:AL29G0
|h Other scheme
|i book
|m 0269060
|